[Event "World Corporate East F"]
[Site "Chess.com INT"]
[Date "2021.02.19"]
[Round "2.8"]
[White "Deboosere, Adam Moussa"]
[Black "Firsov, Stepan"]
[Result "1-0"]
[WhiteElo "1702"]
[BlackElo "1842"]
[PlyCount "25"]
[EventDate "2021.02.19"]
[EventType "team (rapid)"]
[EventRounds "7"]
[EventCountry "USA"]
[SourceTitle "EXT 2022"]
[Source "ChessBase"]
[SourceDate "2021.10.06"]
[SourceVersion "1"]
[SourceVersionDate "2021.10.06"]
[SourceQuality "1"]
[WhiteTeam "Groupe Chiali"]
[BlackTeam "Epam Ukraine"]
[WhiteTeamCountry "ALG"]
[BlackTeamCountry "UKR"]

1. Nf3 d5 2. c4 dxc4 3. e3 Nf6 4. Bxc4 Nc6 5. 0-0 Bg4 6. Qb3 e6 7. Qxb7 Bxf3 8. gxf3 Ne7 9. Bb5+ c6 10. Bxc6+ Nxc6 11. Qxc6+ Ke7 12. b3 Rc8 13. Ba3+ 1-0

[Event "ALG-ch"]
[Site "Ain Tagoura"]
[Date "2020.02.05"]
[Round "4"]
[White "Ameur Zaimeche, Mourad"]
[Black "Deboosere, Adam Moussa"]
[Result "1-0"]
[WhiteElo "1816"]
[BlackElo "1727"]
[PlyCount "119"]
[EventDate "2020.02.04"]
[EventType "swiss"]
[EventRounds "9"]
[EventCountry "ALG"]
[SourceTitle "CBM 194 Extra"]
[Source "ChessBase"]
[SourceDate "2020.03.31"]
[SourceVersion "1"]
[SourceVersionDate "2020.03.31"]
[SourceQuality "1"]

1. e4 c6 2. d4 d5 3. exd5 cxd5 4. Bd3 Nf6 5. Bg5 Bg4 6. Nf3 Nc6 7. c3 Qb6 8. b3 Ne4 9. Be3 e6 10. 0-0 Be7 11. Re1 Rc8 12. h3 Bh5 13. Bxe4 dxe4 14. g4 Qa5 15. Nfd2 Bg6 16. Nc4 Qd8 17. a4 h5 18. Bf4 hxg4 19. hxg4 f5 20. Nbd2 fxg4 21. Nxe4 Bxe4 22. Rxe4 Qd5 23. Qd3 Qh5 24. Kg2 g5 25. Bd6 Rd8 26. Bxe7 Qh2+ 27. Kf1 Kxe7 28. Ke2 Rh3 29. Qd2 g3 30. Qxg5+ Kd7 31. Rf4 Kc8 32. Ne3 e5 33. dxe5 gxf2 34. Rxf2 Rd2+ 35. Kxd2 Qxf2+ 36. Kd3 Qf3 37. Rg1 Qd5+ 38. Kc2 Qe4+ 39. Kd2 Kc7 40. Qg7+ Kb6 41. Re1 Rh2+ 42. Re2 Rxe2+ 43. Kxe2 Nxe5 44. Qf6+ Kc7 45. Qe7+ Kc8 46. Qc5+ Kd7 47. Qd5+ Qxd5 48. Nxd5 Kc6 49. Nb4+ Kc7 50. Ke3 Kd6 51. Ke4 Nc6 52. Nxc6 bxc6 53. b4 a6 54. c4 Ke7 55. Ke5 Kd7 56. Kd4 Kc7 57. Kc5 Kb7 58. Kd6 c5 59. bxc5 Kc8 60. Kc6 1-0